000 00564nam a2200181Ia 4500
005 20250423100912.0
008 250422s9999 xx 000 0 und d
020 _a1853264695
050 _aD 568.4 .L4/
100 _aLawrence, T.E.
245 0 _aSeven pillars of wisdom
260 _aHertfordshire
260 _bWordsworth Editions Ltd
260 _c1997
300 _a660 p
650 _a World War, 1914-1918 --Campaigns --Turkey and the Middle East. Arabs. Bedouins. Wahhābīyah. Arabian Peninsula --Social life and customs.
942 _cBK
999 _c34690
_d34690